Decoding investment myths / (Record no. 155400)

MARC details
000 -LEADER
fixed length control field 00601nam a22002057a 4500
005 - DATE AND TIME OF LATEST TRANSACTION
control field 20181218122206.0
010 ## - LCCN (DPL NO)
LC control number ENG-123811
020 ## - INTERNATIONAL STANDARD BOOK NUMBER
International Standard Book Number 9789384061203
Terms of availability 499.00
035 ## - SYSTEM CONTROL NUMBER
System control number EN-107343
037 ## - SOURCE OF ACQUISITION
Source of stock number/acquisition DBAD/PUB
082 ## - DEWEY DECIMAL CLASSIFICATION NUMBER
Classification number 332.6
100 ## - MAIN ENTRY--PERSONAL NAME
Personal name Sharma, Vivek
245 ## - TITLE STATEMENT
Title Decoding investment myths /
Statement of responsibility, etc by Vivek Sharma
260 ## - PUBLICATION, DISTRIBUTION, ETC. (IMPRINT)
Place of publication, distribution, etc New Delhi
Name of publisher, distributor, etc TV 18 Broadcast Ltd.
Date of publication, distribution, etc 2018
270 ## - ADDRESS
Address 507, Prabhat Kiran, 17, Rajendra Place,
City New Delhi
Postal code 110008
300 ## - PHYSICAL DESCRIPTION
Extent 254p.
Dimensions 21cm. (Hb)
500 ## - GENERAL NOTE
General note The individual investors' guide
942 ## - ADDED ENTRY ELEMENTS (KOHA)
Source of classification or shelving scheme Dewey Decimal Classification
Item type English Books
Classification part 332.6
Call number suffix SHA
Holdings
Withdrawn status Lost status Not for loan Collection code Home library Current library Date acquired Source of acquisition Cost, normal purchase price Full call number Barcode Copy number Cost, replacement price Koha item type
      Non-fiction Shahdara Branch Shahdara Branch 03/08/2018 DBAD/PUB 499.00 332.6 SHA EN-107343 1 499.00 English Books

© Delhi Public Library
Hit Counter
free hit counter